[Event "EYTCC Open U18 2018"]
[Site "Bad Blankeburg"]
[Date "2018.07.18"]
[Round "7"]
[White "Buckels, Valentin"]
[Black "Angun, Batu"]
[Result "1-0"]
[WhiteElo "2353"]
[BlackElo "2122"]
[Annotator "NA"]
[PlyCount "61"]
[EventDate "2018.07.12"]
[EventType "swiss"]
[EventCountry "GER"]
[SourceTitle "playchess.com"]
[Source "ChessBase"]
[SourceQuality "1"]
[WhiteTeam "Germany"]
[BlackTeam "Turkey"]
[WhiteTeamCountry "GER"]
[BlackTeamCountry "TUR"]
[TimeControl "40/5400+30:1800+30"]

1. d4 {[%emt 0:00:00]} Nf6 {[%emt 0:00:00]} 2. c4 {[%emt 0:00:00]} g6 {[%emt 0:00:00]} 3. Nf3 {[%emt 0:00:00]} Bg7 {[%emt 0:00:00]} 4. g3 {[%emt 0:00:00]} O-O {[%emt 0:00:04]} 5. Bg2 {[%emt 0:00:00]} c6 {[%emt 0:00:07]} 6. O-O {[%emt 0:00:01]} d5 {[%emt 0:00:01]} 7. Qb3 {[%emt 0:00:05]} Qb6 {[%emt 0:00:26]} 8. Nc3 {[%emt 0:00:36]} Rd8 {[%emt 0:00:40]} 9. Rd1 {[%emt 0:00:24]} Na6 {[%emt 0:01:30]} 10. Qxb6 $1 {[%emt 0:11:42]} axb6 {[%emt 0:00:16]} 11. Na4 {[%emt 0:00:15]} Nd7 {[%emt 0:07:38]} 12. cxd5 {[%emt 0:09:28]} Nb4 {[%emt 0:06:21]} 13. Nc3 {[%emt 0:05:06]} Nxd5 {[%emt 0:01:07]} 14. Nxd5 {[%emt 0:01:03]} cxd5 {[%emt 0:00:01]} 15. Bf4 $16 {[%emt 0:00:15]} Ra6 {[%emt 0:00:27]} 16. Bc7 {[%emt 0:00:31]} Re8 {[%emt 0:02:18]} 17. e3 {[%emt 0:00:19]} b5 {[%emt 0:07:30]} 18. Bf1 {[%emt 0:01:10]} Rc6 {[%emt 0:00:06]} 19. Rac1 {[%emt 0:01:00]} b4 {[%emt 0:02:10]} 20. Bb5 {[%emt 0:00:16]} Rxc1 {[%emt 0:00:19]} 21. Rxc1 {[%emt 0:00:01]} Rf8 {[%emt 0:01:07]} 22. Ba5 {[%emt 0:02:08]} Nb8 {[%emt 0:01:00]} 23. Bxb4 {[%emt 0:00:44]} Bf6 {[%emt 0:00:01]} 24. Ne5 {[%emt 0:03:21]} Na6 {[%emt 0:00:38]} 25. Bxa6 {[%emt 0:03:45]} bxa6 {[%emt 0:00:05]} 26. Nc6 {[%emt 0:00:10]} Re8 {[%emt 0:00:04]} 27. Nxe7+ {[%emt 0:02:08]} Bxe7 {[%emt 0:00:02]} 28. Bxe7 {[%emt 0:00:09]} Rxe7 {[%emt 0:00:01]} 29. Rxc8+ {[%emt 0:00:08]} Kg7 {[%emt 0:00:01]} 30. Rc6 {[%emt 0:00:50]} Rb7 {[%emt 0:00:08]} 31. b3 {[%emt 0:00:15]} 1-0

[Event "EYTCC Open U18 2018"]
[Site "Bad Blankeburg"]
[Date "2018.07.18"]
[Round "7"]
[White "Morgunov, Daniel"]
[Black "Lagunow, Raphael"]
[Result "0-1"]
[WhiteElo "2346"]
[BlackElo "2411"]
[Annotator "ChessBase"]
[PlyCount "78"]
[EventDate "2018.07.12"]
[EventType "swiss"]
[EventCountry "GER"]
[SourceTitle "playchess.com"]
[Source "ChessBase"]
[SourceQuality "1"]
[WhiteTeam "Austria"]
[BlackTeam "Germany"]
[WhiteTeamCountry "AUT"]
[BlackTeamCountry "GER"]
[TimeControl "40/5400+30:1800+30"]

1. e4 {[%emt 0:00:00]} c5 {[%emt 0:00:00]} 2. Nf3 {[%emt 0:00:00]} Nc6 {[%emt 0:00:00]} 3. d4 {[%emt 0:00:00]} cxd4 {[%emt 0:00:00]} 4. Nxd4 {[%emt 0:00:00]} Nf6 {[%emt 0:00:20]} 5. Nc3 {[%emt 0:00:00]} e5 {[%emt 0:00:20]} 6. Ndb5 {[%emt 0:00:00]} d6 {[%emt 0:00:05]} 7. Bg5 {[%emt 0:00:03]} a6 {[%emt 0:00:05]} 8. Na3 {[%emt 0:00:04]} b5 {[%emt 0:00:04]} 9. Nd5 {[%emt 0:00:05]} Be7 {[%emt 0:00:07]} 10. Bxf6 {[%emt 0:00:05]} Bxf6 {[%emt 0:00:04]} 11. c3 {[%emt 0:00:08]} O-O {[%emt 0:00:37]} 12. Nc2 {[%emt 0:00:13]} Bg5 {[%emt 0:00:18]} 13. a4 {[%emt 0:00:53]} bxa4 {[%emt 0:00:10]} 14. Rxa4 {[%emt 0:01:04]} a5 {[%emt 0:00:06]} 15. Bc4 {[%emt 0:00:08]} Rb8 {[%emt 0:00:07]} 16. b3 {[%emt 0:00:06]} Kh8 {[%emt 0:00:14]} 17. Nce3 {[%emt 0:00:14]} Ne7 {[%emt 0:00:06]} 18. Nxe7 {[%emt 0:00:11]} Qxe7 {[%emt 0:00:11]} 19. Nd5 {[%emt 0:00:08]} Qd8 {[%emt 0:00:05]} 20. O-O {[%emt 0:00:55]} f5 {[%emt 0:09:20]} 21. Qe2 {[%emt 0:00:12]} fxe4 {[%emt 0:07:25]} 22. Qxe4 {[%emt 0:00:18]} Bf5 {[%emt 0:19:06]} 23. Qe2 {[%emt 0:00:16]} Be6 {[%emt 0:00:49]} 24. Rfa1 {[%emt 0:13:58]} Bxd5 {[%emt 0:07:53]} 25. Bxd5 {[%emt 0:00:05]} Qb6 {[%emt 0:00:06]} 26. Kf1 {[%emt 0:22:49]} Qc5 {[%emt 0:03:14]} 27. Bc4 {[%emt 0:17:59]} Bd8 {[%emt 0:02:09]} 28. Rd1 {[%emt 0:00:44]} Bb6 {[%emt 0:02:31]} 29. Ra2 {[%emt 0:00:17]} a4 {[%emt 0:12:20]} 30. Rc2 {[%emt 0:18:55]} axb3 {[%emt 0:17:09]} 31. Bxb3 {[%emt 0:00:07]} Qa3 {[%emt 0:01:54]} 32. Qc4 {[%emt 0:04:54]} Bc5 {[%emt 0:12:33]} 33. Ba2 {[%emt 0:04:37]} Rb2 {[%emt 0:00:09]} 34. Rdd2 {[%emt 0:00:57]} Rxc2 {[%emt 0:00:17]} 35. Rxc2 {[%emt 0:00:04]} Bxf2 {[%emt 0:01:09]} 36. Qd3 {[%emt 0:08:56]} Qa7 {[%emt 0:02:02]} 37. Ke2 {[%emt 0:02:10]} Bh4 {[%emt 0:02:00]} 38. Qc4 {[%emt 0:05:16]} Bg5 {[%emt 0:01:46]} 39. Qd5 {[%emt 0:01:28]} Qe3+ {[%emt 0:00:24]} 0-1

[Event "EYTCC Open U18 2018"]
[Site "Bad Blankeburg"]
[Date "2018.07.18"]
[Round "7"]
[White "Dobrovoljc, Vid"]
[Black "Gavrilescu, David"]
[Result "0-1"]
[WhiteElo "2344"]
[BlackElo "2451"]
[Annotator "RC"]
[PlyCount "76"]
[EventDate "2018.07.12"]
[EventType "swiss"]
[EventCountry "GER"]
[SourceTitle "playchess.com"]
[Source "ChessBase"]
[SourceQuality "1"]
[WhiteTeam "Slovenia"]
[BlackTeam "Romania"]
[WhiteTeamCountry "SLO"]
[BlackTeamCountry "ROU"]
[TimeControl "40/5400+30:1800+30"]

1. e4 {[%emt 0:00:00]} e6 {[%emt 0:00:00]} 2. d4 {[%emt 0:00:00]} d5 {[%emt 0:00:04]} 3. Nc3 {[%emt 0:00:18]} Nf6 {[%emt 0:00:08]} 4. e5 {[%emt 0:00:37]} Nfd7 {[%emt 0:00:05]} 5. f4 {[%emt 0:00:29]} c5 {[%emt 0:00:04]} 6. Nf3 {[%emt 0:00:07]} Nc6 {[%emt 0:00:04]} 7. Be3 {[%emt 0:00:52]} Qb6 {[%emt 0:00:05]} 8. Na4 {[%emt 0:04:27]} Qa5+ {[%emt 0:00:50]} 9. c3 {[%emt 0:01:38]} b6 {[%emt 0:00:10]} 10. Bd2 {[%emt 0:19:06]} c4 {[%emt 0:01:44]} 11. b4 {[%emt 0:01:28]} Nxb4 {[%emt 0:00:10]} 12. cxb4 {[%emt 0:00:12]} Bxb4 {[%emt 0:00:06]} 13. Rc1 {[%emt 0:08:02]} Bxd2+ {[%emt 0:01:09]} 14. Nxd2 {[%emt 0:02:59]} b5 {[%emt 0:00:08]} 15. Nc3 {[%emt 0:00:18]} b4 {[%emt 0:07:09]} 16. Qa4 {[%emt 0:05:26]} Qb6 {[%emt 0:05:01]} 17. Nb5 {[%emt 0:01:11]} O-O {[%emt 0:01:21]} 18. Nf3 {[%emt 0:00:10]} Nb8 {[%emt 0:04:33]} 19. Nd6 {[%emt 0:05:53]} Bd7 {[%emt 0:04:42]} 20. Qc2 {[%emt 0:00:57]} Nc6 {[%emt 0:03:11]} 21. Rd1 {[%emt 0:01:06]} a5 {[%emt 0:13:27]} 22. Be2 {[%emt 0:05:58]} b3 {[%emt 0:08:40]} 23. Qc3 {[%emt 0:04:04]} bxa2 {[%emt 0:01:31]} 24. Ra1 {[%emt 0:01:36]} Rfb8 {[%emt 0:03:09]} 25. Kf2 {[%emt 0:08:50]} Qb2 {[%emt 0:03:50]} 26. Rhc1 {[%emt 0:03:14]} a4 {[%emt 0:01:14]} 27. Qc2 {[%emt 0:12:26]} a3 {[%emt 0:04:39]} 28. Rxa2 {[%emt 0:03:27]} Qxc2 {[%emt 0:00:04]} 29. Raxc2 {[%emt 0:00:17]} Nb4 {[%emt 0:00:10]} 30. Rd2 {[%emt 0:02:03]} a2 {[%emt 0:00:46]} 31. Ra1 {[%emt 0:00:10]} c3 {[%emt 0:00:11]} 32. Rdd1 {[%emt 0:00:22]} Nc2 {[%emt 0:00:01]} 33. Bd3 {[%emt 0:00:21]} Nxa1 {[%emt 0:00:09]} 34. Rxa1 {[%emt 0:00:04]} Rb2+ {[%emt 0:00:05]} 35. Ke3 {[%emt 0:01:04]} c2 {[%emt 0:00:02]} 36. Ne1 {[%emt 0:00:40]} c1=Q+ {[%emt 0:00:17]} 37. Rxc1 {[%emt 0:00:03]} a1=Q {[%emt 0:00:10]} 38. Rxa1 {[%emt 0:00:03]} Rxa1 {[%emt 0:00:06]} 0-1

[Event "EYTCC Open U18 2018"]
[Site "Bad Blankeburg"]
[Date "2018.07.18"]
[Round "7"]
[White "Banzea, Alexandru-Bogdan"]
[Black "Subelj, Jan"]
[Result "0-1"]
[WhiteElo "2337"]
[BlackElo "2327"]
[Annotator "ChessBase"]
[PlyCount "88"]
[EventDate "2018.07.12"]
[EventType "swiss"]
[EventCountry "GER"]
[SourceTitle "playchess.com"]
[Source "ChessBase"]
[SourceQuality "1"]
[WhiteTeam "Romania"]
[BlackTeam "Slovenia"]
[WhiteTeamCountry "ROU"]
[BlackTeamCountry "SLO"]
[TimeControl "40/5400+30:1800+30"]

1. e4 {[%emt 0:00:00]} e5 {[%emt 0:00:08]} 2. Nf3 {[%emt 0:00:00]} Nc6 {[%emt 0:00:46]} 3. Bb5 {[%emt 0:00:00]} g6 {[%emt 0:00:20]} 4. O-O {[%emt 0:00:14]} Bg7 {[%emt 0:00:04]} 5. c3 {[%emt 0:00:03]} a6 {[%emt 0:00:13]} 6. Ba4 {[%emt 0:00:06]} d6 {[%emt 0:00:29]} 7. d4 {[%emt 0:00:24]} Bd7 {[%emt 0:03:40]} 8. dxe5 {[%emt 0:00:53]} Nxe5 {[%emt 0:00:34]} 9. Nxe5 {[%emt 0:00:39]} dxe5 {[%emt 0:00:12]} 10. Bb3 {[%emt 0:00:10]} Nf6 {[%emt 0:00:20]} 11. Be3 {[%emt 0:03:37]} Nxe4 {[%emt 0:21:56]} 12. Bxf7+ {[%emt 0:01:12]} Kxf7 {[%emt 0:00:02]} 13. Qd5+ {[%emt 0:00:06]} Be6 {[%emt 0:00:08]} 14. Qxe4 {[%emt 0:00:06]} Bd5 {[%emt 0:06:06]} 15. Qg4 {[%emt 0:02:16]} Qc8 {[%emt 0:21:03]} 16. Qh4 {[%emt 0:06:30]} Bf6 {[%emt 0:02:42]} 17. Qg3 {[%emt 0:03:40]} h5 {[%emt 0:01:46]} 18. f4 {[%emt 0:04:06]} h4 {[%emt 0:00:14]} 19. Qf2 {[%emt 0:00:44]} Rh5 {[%emt 0:05:10]} 20. fxe5 {[%emt 0:03:16]} Rf5 {[%emt 0:00:40]} 21. Qe2 {[%emt 0:06:01]} Bxe5 {[%emt 0:00:40]} 22. Nd2 {[%emt 0:02:41]} Qe6 {[%emt 0:02:56]} 23. Nf3 {[%emt 0:07:06]} Bf4 {[%emt 0:04:13]} 24. Ng5+ {[%emt 0:06:14]} Bxg5 {[%emt 0:00:43]} 25. Rxf5+ {[%emt 0:00:10]} gxf5 {[%emt 0:00:07]} 26. Qh5+ {[%emt 0:00:23]} Qg6 {[%emt 0:00:04]} 27. Qxg5 {[%emt 0:00:51]} Rg8 {[%emt 0:11:06]} 28. Rd1 {[%emt 0:04:03]} Qxg5 {[%emt 0:00:05]} 29. Bxg5 {[%emt 0:00:06]} Ke6 {[%emt 0:00:39]} 30. c4 {[%emt 0:03:46]} Be4 {[%emt 0:00:20]} 31. Bxh4 {[%emt 0:00:37]} Rxg2+ {[%emt 0:00:09]} 32. Kf1 {[%emt 0:00:10]} Rxb2 {[%emt 0:01:43]} 33. Bg3 {[%emt 0:03:15]} Rxa2 {[%emt 0:00:05]} 34. Bxc7 {[%emt 0:00:28]} Rc2 {[%emt 0:00:10]} 35. Rd6+ {[%emt 0:01:16]} Ke7 {[%emt 0:00:01]} 36. Rd4 {[%emt 0:00:19]} Rxc4 {[%emt 0:00:07]} 37. Rxc4 {[%emt 0:00:09]} Bd3+ {[%emt 0:00:04]} 38. Kf2 {[%emt 0:00:06]} Bxc4 {[%emt 0:00:03]} 39. h4 {[%emt 0:02:05]} Kd7 {[%emt 0:00:36]} 40. Ba5 {[%emt 0:00:48]} Bf7 {[%emt 0:00:28]} 41. Ke3 {[%emt 0:30:04]} Kc6 {[%emt 0:30:34]} 42. Kf4 {[%emt 0:00:21]} Kb5 {[%emt 0:00:05]} 43. Bc3 {[%emt 0:00:33]} Kc4 {[%emt 0:00:05]} 44. Be5 {[%emt 0:00:11]} b5 0-1

[Event "EYTCC Open U18 2018"]
[Site "Bad Blankeburg"]
[Date "2018.07.18"]
[Round "7"]
[White "Szustakowski, Antoni"]
[Black "Papunidi, Matvey"]
[Result "0-1"]
[WhiteElo "2330"]
[BlackElo "1913"]
[Annotator "NA"]
[PlyCount "146"]
[EventDate "2018.07.12"]
[EventType "swiss"]
[EventCountry "GER"]
[SourceTitle "playchess.com"]
[Source "ChessBase"]
[SourceQuality "1"]
[WhiteTeam "Poland"]
[BlackTeam "Belarus"]
[WhiteTeamCountry "POL"]
[BlackTeamCountry "BLR"]
[TimeControl "40/5400+30:1800+30"]

1. d4 {[%emt 0:00:00]} d5 {[%emt 0:00:00]} 2. c4 {[%emt 0:00:00]} c6 {[%emt 0:00:00]} 3. Nc3 {[%emt 0:00:00]} dxc4 {[%emt 0:00:11]} 4. e3 {[%emt 0:00:07]} b5 {[%emt 0:00:13]} 5. a4 {[%emt 0:00:04]} b4 {[%emt 0:00:09]} 6. Ne4 {[%emt 0:00:10] D10: Slav Defence: 3 cxd5 (without early Nf3) and 3 Nc3} Qd5 {[%emt 0:00:17]} 7. Ng3 {[%emt 0:00:12]} (7. Nd2 c3 8. bxc3 bxc3 9. Nb1 Qa5 10. Qc2 Na6 11. Qxc3 Qxc3+ 12. Nxc3 Nb4 13. Rb1 a5 {1-0 (79) Wojtaszek,R (2750)-Bartel,M (2604) Warsaw 2018}) 7... Nf6 {[%emt 0:00:50]} 8. Be2 {[%emt 0:00:09]} e6 {[%emt 0:00:56]} 9. e4 {[%emt 0:00:07]} Nxe4 {[%emt 0:00:31]} 10. Bf3 {[%emt 0:00:04]} f5 {[%emt 0:00:05]} 11. Qe2 {[%emt 0:00:06]} b3 {[%emt 0:37:59]} (11... Qxd4 12. Nxe4 fxe4 13. Bxe4 $11) (11... Ba6 $11) 12. Nxe4 {[%emt 0:03:52]} fxe4 {[%emt 0:00:06]} 13. Bxe4 {[%emt 0:00:06] [#]} Bb4+ $146 {[%emt 0:00:08]} ({Predecessor:} 13... Qa5+) 14. Kf1 {[%emt 0:00:04]} Qxd4 {[%emt 0:10:38]} 15. Nf3 {[%emt 0:01:49]} Qd6 {[%emt 0:01:52]} 16. g3 {[%emt 0:17:46]} c3 {[%emt 0:14:27]} 17. Kg2 {[%emt 0:02:44]} Ba6 {[%emt 0:01:20]} 18. Qe3 {[%emt 0:00:06]} O-O {[%emt 0:01:28]} 19. bxc3 {[%emt 0:05:02]} Bc5 {[%emt 0:00:03]} 20. Qg5 {[%emt 0:00:08]} Nd7 {[%emt 0:02:02]} 21. Bf4 {[%emt 0:06:25]} e5 {[%emt 0:02:07]} 22. Rad1 {[%emt 0:17:50]} Qe6 {[%emt 0:08:20]} 23. Rhe1 {[%emt 0:04:50]} h6 {[%emt 0:09:31]} 24. Qh5 {[%emt 0:05:01]} Nf6 {[%emt 0:01:00]} ({Not} 24... exf4 $2 {[#]} 25. Bh7+ $1 {[%mdl 512]} Kxh7 26. Rxe6 $18) 25. Qg6 {[%emt 0:00:03]} (25. Bf5 $1 $11 Qe8 26. Qh3) 25... exf4 {[%emt 0:00:16]} 26. Bf5 $1 {[%emt 0:03:21]} Qe8 {[%emt 0:02:50]} ({Much worse is} 26... Qf7 $6 27. Be6 $16) (26... Qxe1 $5 27. Rxe1 Bc4 $11) 27. Rxe8 {[%emt 0:00:18]} Raxe8 {[%emt 0:00:42]} 28. Bd3 {[%emt 0:05:57]} Rd8 {[%emt 0:03:56]} 29. c4 {[%emt 0:07:10]} Kh8 {[%emt 0:01:57]} 30. Nh4 {[%emt 0:10:30]} Bc8 {[%emt 0:00:32]} 31. Nf5 {[%emt 0:00:37]} Bxf5 {[%emt 0:00:23]} 32. Qxf5 {[%emt 0:00:04]} Bd4 {[%emt 0:00:25]} 33. g4 {[%emt 0:01:21]} f3+ {[%emt 0:00:42]} 34. Kg1 {[%emt 0:01:02]} Rde8 {[%emt 0:00:22]} 35. h4 {[%emt 0:01:32]} Re5 $1 {[%emt 0:00:37]} ({Don't go for} 35... Ne4 $2 36. Qg6 $18) 36. Qf4 {[%emt 0:00:04]} c5 {[%emt 0:00:18]} 37. g5 {[%emt 0:00:05]} hxg5 {[%emt 0:00:43]} 38. hxg5 {[%emt 0:00:29]} Nh7 {[%emt 0:00:07]} 39. Qh4 {[%emt 0:01:20]} Rxg5+ {[%emt 0:00:06]} 40. Kf1 {[%emt 0:05:04]} g6 {[%emt 0:00:25]} 41. Qe4 {[%emt 0:30:57]} (41. Bb1 $142 Rh5 42. Rxd4 cxd4 43. Qxd4+ Kg8 44. Ke1 Rh1+ 45. Kd2 Rxb1 46. Kc3) 41... Rh5 {[%emt 0:31:19]} 42. Kg1 {[%emt 0:02:39]} Rg5+ {[%emt 0:00:00]} 43. Kf1 {[%emt 0:00:00]} b2 {[%emt 0:00:00]} 44. Bb1 {[%emt 0:00:00]} Kg7 $2 {[%emt 0:00:00]} (44... Rh5 {[%cal Rh5h1]} 45. Kg1 Ng5) 45. Rd3 {[%emt 0:00:00]} Re5 {[%emt 0:00:00]} 46. Qc6 $2 {[%emt 0:00:00]} Rf6 {[%emt 0:00:00]} 47. Qb7+ {[%emt 0:00:00]} Rf7 {[%emt 0:00:00]} 48. Qc6 {[%emt 0:00:00]} Rfe7 {[%emt 0:00:00]} 49. Re3 {[%emt 0:00:00]} Bxe3 {[%emt 0:00:31]} 50. Qxg6+ {[%emt 0:00:00]} Kf8 {[%emt 0:00:03]} 51. fxe3 {[%emt 0:00:00]} Rxe3 {[%emt 0:01:04]} 52. Qh6+ {[%emt 0:00:00]} Kg8 {[%emt 0:03:36]} 53. Bxh7+ {[%emt 0:00:00]} Rxh7 {[%emt 0:00:04]} 54. Qg5+ {[%emt 0:00:00]} Rg7 {[%emt 0:00:45]} 55. Qd8+ {[%emt 0:00:00]} Kf7 {[%emt 0:00:37]} 56. Qd5+ {[%emt 0:00:00]} Re6 {[%emt 0:00:43]} 57. Qb7+ {[%emt 0:00:00]} Kg6 {[%emt 0:00:23]} 58. Qxb2 {[%emt 0:00:00]} Rge7 {[%emt 0:00:30]} 59. Qb8 {[%emt 0:00:00]} Kf5 {[%emt 0:00:22]} 60. Qf8+ {[%emt 0:00:00]} Kg4 {[%emt 0:00:12]} 61. Qg8+ {[%emt 0:00:00]} Kf4 {[%emt 0:00:30]} 62. Qf8+ {[%emt 0:00:00]} Ke3 {[%emt 0:00:21]} 63. Qf5 {[%emt 0:00:00]} Re5 {[%emt 0:00:37]} 64. Qc2 {[%emt 0:00:00]} Kf4 {[%emt 0:00:18]} 65. Qh2+ {[%emt 0:00:00]} Kg4 {[%emt 0:01:02]} 66. Qg1+ {[%emt 0:00:00]} Kf5 {[%emt 0:00:14]} 67. Qg8 {[%emt 0:00:00]} Ke4 {[%emt 0:00:58]} 68. Kf2 {[%emt 0:00:00]} Kd3 {[%emt 0:00:25]} 69. Kxf3 {[%emt 0:00:00]} Re3+ {[%emt 0:00:13]} 70. Kg2 {[%emt 0:00:00]} Re2+ {[%emt 0:00:06]} 71. Kh1 {[%emt 0:00:00]} Re1+ {[%emt 0:00:08]} 72. Kh2 {[%emt 0:00:00]} R7e2+ {[%emt 0:00:06]} 73. Kh3 {[%emt 0:00:00]} Rh1+ {[%emt 0:00:05]} 0-1

[Event "EYTCC Open U18 2018"]
[Site "Bad Blankeburg"]
[Date "2018.07.18"]
[Round "7"]
[White "Amon, Nejc"]
[Black "Stoleriu, George"]
[Result "0-1"]
[WhiteElo "2295"]
[BlackElo "2347"]
[Annotator "NA"]
[PlyCount "105"]
[EventDate "2018.07.12"]
[EventType "swiss"]
[EventCountry "GER"]
[SourceTitle "playchess.com"]
[Source "ChessBase"]
[SourceQuality "1"]
[WhiteTeam "Slovenia"]
[BlackTeam "Romania"]
[WhiteTeamCountry "SLO"]
[BlackTeamCountry "ROU"]
[TimeControl "40/5400+30:1800+30"]

1. e4 {[%emt 0:00:00]} e6 {[%emt 0:00:00]} 2. d4 {[%emt 0:00:00]} d5 {[%emt 0:00:00]} 3. Nd2 {[%emt 0:00:00]} Nc6 {[%emt 0:00:00]} 4. Ngf3 {[%emt 0:00:14]} Nf6 {[%emt 0:00:00]} 5. e5 {[%emt 0:00:10]} Nd7 {[%emt 0:00:05]} 6. Be2 {[%emt 0:00:16]} f6 {[%emt 0:00:21]} 7. exf6 {[%emt 0:00:15]} Qxf6 {[%emt 0:00:05]} 8. Nf1 {[%emt 0:00:10]} Bd6 {[%emt 0:03:38]} 9. Ne3 {[%emt 0:00:11]} O-O {[%emt 0:01:20]} 10. O-O {[%emt 0:00:13]} Qg6 {[%emt 0:01:08]} 11. g3 {[%emt 0:00:22]} Nf6 {[%emt 0:02:51]} 12. Nh4 {[%emt 0:00:55] C04: French Tarrasch: 3...Nc6} Qe8 {[%emt 0:11:50]} 13. f4 {[%emt 0:00:46]} Bd7 {[%emt 0:00:21]} 14. Ng4 {[%emt 0:11:37]} Ne7 {[%emt 0:08:21]} 15. Re1 {[%emt 0:10:23]} Ne4 $146 {[%emt 0:31:00]} ({Predecessor:} 15... c5 16. c3 cxd4 17. cxd4 Qd8 18. Ne5 Bxe5 19. fxe5 Ne4 {0-1 (28) Huenerkopf,H (2275)-Hug,W (2455) Lugano 1986}) 16. Bd3 {[%emt 0:11:47]} Nf5 {[%emt 0:01:40]} 17. Nf3 {[%emt 0:00:34]} c5 {[%emt 0:01:11]} 18. c3 {[%emt 0:05:54]} cxd4 {[%emt 0:01:32]} 19. cxd4 {[%emt 0:02:47]} Bb4 {[%emt 0:00:51]} 20. Re2 {[%emt 0:10:43]} Bb5 {[%emt 0:02:57]} 21. Nf2 {[%emt 0:01:08]} Nfd6 {[%emt 0:11:04]} 22. Qb3 {[%emt 0:10:08]} Bxd3 {[%emt 0:01:50]} 23. Nxd3 {[%emt 0:01:27]} Ba5 {[%emt 0:00:34]} 24. Bd2 {[%emt 0:08:10]} Qh5 {[%emt 0:04:34]} 25. Bxa5 {[%emt 0:02:26]} Qxf3 {[%emt 0:00:09]} 26. Rae1 {[%emt 0:00:12]} Rfe8 {[%emt 0:03:53]} 27. Bc7 {[%emt 0:09:03]} Nc4 {[%emt 0:05:23]} 28. Nc5 {[%emt 0:05:37]} Qxb3 {[%emt 0:01:40]} 29. Nxb3 {[%emt 0:00:47]} Rac8 {[%emt 0:00:23]} 30. Ba5 {[%emt 0:02:45]} b6 {[%emt 0:00:26]} 31. Bc3 {[%emt 0:00:58]} a5 {[%emt 0:00:16]} 32. Nd2 {[%emt 0:02:42]} Ncxd2 {[%emt 0:01:24]} 33. Bxd2 {[%emt 0:00:06]} Rc4 {[%emt 0:00:24]} 34. Be3 {[%emt 0:00:48]} Rec8 {[%emt 0:00:16]} 35. Kf1 {[%emt 0:01:57]} Kf7 {[%emt 0:01:09]} 36. Rd1 {[%emt 0:00:34]} a4 {[%emt 0:01:50]} 37. Rde1 {[%emt 0:01:25]} h5 {[%emt 0:00:09]} 38. Kg2 {[%emt 0:00:26]} b5 {[%emt 0:00:41]} 39. Kf3 {[%emt 0:00:39]} b4 {[%emt 0:00:50]} 40. Rf1 {[%emt 0:00:50]} Kf6 {[%emt 0:02:06]} 41. Rfe1 {[%emt 0:30:16]} a3 {[%emt 0:31:41]} 42. Rg2 {[%emt 0:00:00]} Ra8 {[%emt 0:00:00]} 43. Rb1 {[%emt 0:00:00]} axb2 {[%emt 0:00:00]} 44. Rbxb2 {[%emt 0:00:00]} Ra3 {[%emt 0:00:00]} 45. Rge2 {[%emt 0:00:00]} Rxd4 {[%emt 0:00:00]} 46. Kg2 {[%emt 0:00:00]} Rc4 {[%emt 0:00:00]} 47. Bf2 {[%emt 0:00:00]} Kf5 {[%emt 0:00:00]} 48. Be1 {[%emt 0:00:00]} Ra4 {[%emt 0:00:00]} 49. Kf3 {[%emt 0:00:00]} Kf6 {[%emt 0:00:00]} 50. Re3 {[%emt 0:00:00]} Nc3 $19 {[%emt 0:00:00]} 51. Rxb4 {[%emt 0:00:00]} Raxb4 {[%emt 0:00:00]} 52. Bxc3+ {[%emt 0:00:00]} d4 {[%emt 0:00:00]} 53. Ke4 {Ke5+} 0-1

[Event "EYTCC Open U18 2018"]
[Site "Bad Blankeburg"]
[Date "2018.07.18"]
[Round "7"]
[White "Vasiesiu, Victor"]
[Black "Stevanic, David"]
[Result "0-1"]
[WhiteElo "2295"]
[BlackElo "2253"]
[Annotator "NA"]
[PlyCount "94"]
[EventDate "2018.07.12"]
[EventType "swiss"]
[EventCountry "GER"]
[SourceTitle "playchess.com"]
[Source "ChessBase"]
[SourceQuality "1"]
[WhiteTeam "Romania"]
[BlackTeam "Slovenia"]
[WhiteTeamCountry "ROU"]
[BlackTeamCountry "SLO"]
[TimeControl "40/5400+30:1800+30"]

1. e4 {[%emt 0:00:00]} e5 {[%emt 0:00:00]} 2. Nf3 {[%emt 0:00:00]} Nc6 {[%emt 0:00:00]} 3. Bc4 {[%emt 0:00:00]} Bc5 {[%emt 0:00:00]} 4. O-O {[%emt 0:00:00]} Nf6 {[%emt 0:00:02]} 5. d3 {[%emt 0:00:00]} O-O {[%emt 0:00:35]} 6. Bg5 {[%emt 0:00:01]} h6 {[%emt 0:00:19]} 7. Bh4 {[%emt 0:00:05]} Be7 {[%emt 0:00:08] C50: Hungarian Defence and Giuoco Pianissimo} 8. Bg3 {[%emt 0:00:03]} d6 {[%emt 0:00:42]} 9. a4 {[%emt 0:00:04]} a5 {[%emt 0:01:18]} 10. c3 {[%emt 0:05:22]} (10. h3 Nd7 11. Re1 Kh8 12. c3 Nb6 13. Bb3 f5 14. exf5 Bxf5 {½-½ (25) Caruana,F (2808)-Aronian,L (2793) Stavanger 2017}) 10... Bg4 $146 {[%emt 0:01:43]} ({Predecessor:} 10... Be6 11. Nbd2 Nh5 12. Nxe5 Nxe5 13. Bxe5 Bxc4 14. Nxc4 dxe5 15. Qxh5 Qxd3 16. Nxe5 Qxe4 {1-0 (28) Radovanovic,N (2438)-Stevanic,D (2297) Veliko Gradiste 2018}) 11. h3 {[%emt 0:01:19]} Bh5 {[%emt 0:00:38]} 12. Nbd2 {[%emt 0:01:44]} Nd7 {[%emt 0:03:48]} 13. Qc2 {[%emt 0:07:15]} Nb6 {[%emt 0:00:51]} 14. Bb3 {[%emt 0:10:49]} Bf6 {[%emt 0:00:26]} 15. Rae1 {[%emt 0:00:28]} Re8 {[%emt 0:03:23]} 16. Nh2 {[%emt 0:06:29]} Bh4 {[%emt 0:13:08]} 17. Bxh4 {[%emt 0:17:35]} Qxh4 {[%emt 0:00:09]} 18. Re3 {[%emt 0:00:07]} Rad8 {[%emt 0:04:57]} 19. g3 {[%emt 0:01:01]} Qe7 {[%emt 0:03:11]} 20. Nc4 {[%emt 0:04:48]} Nxc4 {[%emt 0:05:40]} 21. Bxc4 {[%emt 0:00:17]} Kh8 {[%emt 0:01:30]} 22. Qb3 {[%emt 0:01:58]} Rb8 {[%emt 0:04:15]} 23. Qb5 {[%emt 0:04:07]} f6 {[%emt 0:03:26]} 24. Bd5 {[%emt 0:00:58]} Bf7 {[%emt 0:01:08]} 25. Re2 {[%emt 0:00:19]} Bxd5 {[%emt 0:10:01]} 26. exd5 {[%emt 0:01:27]} Nd8 {[%emt 0:00:47]} 27. Qxa5 {[%emt 0:01:00]} Nf7 {[%emt 0:00:30]} 28. Qb4 {[%emt 0:05:27]} f5 {[%emt 0:01:28]} 29. f4 {[%emt 0:04:28]} Qd7 {[%emt 0:00:59]} 30. Nf3 {[%emt 0:05:30]} g5 {[%emt 0:15:33]} ({Black should play} 30... c5 31. Qb5 Qxb5 32. axb5 exf4 33. Rxe8+ Rxe8) 31. Rfe1 {[%emt 0:04:03]} gxf4 {[%emt 0:09:09]} 32. gxf4 {[%emt 0:00:09]} Rg8+ {[%emt 0:00:06]} 33. Kh2 {[%emt 0:00:31]} Rg7 {[%emt 0:00:25]} 34. c4 {[%emt 0:08:43]} Rbg8 {[%emt 0:02:28]} 35. fxe5 {[%emt 0:01:17]} dxe5 {[%emt 0:00:54]} 36. Qc3 {[%emt 0:00:43]} f4 {[%emt 0:10:00]} 37. Nxe5 {[%emt 0:00:59]} Qf5 {[%emt 0:00:39]} 38. Nxf7+ {[%emt 0:01:13]} Qxf7 {[%emt 0:00:05]} 39. Qe5 {[%emt 0:01:16]} f3 {[%emt 0:02:50]} 40. Rf2 {[%emt 0:02:03]} Qg6 {[%emt 0:00:54]} 41. Qf4 {[%emt 0:36:04]} ({Better is} 41. Kh1 $16) 41... Rf7 {[%emt 0:09:19]} 42. Qd4+ $2 {[%emt 0:00:00]} (42. Qe5+ $11 {and White is okay.} Rgg7 $11 43. Qe8+ Rg8 44. Qe5+ Rgg7 45. Qe8+ Rg8 46. Qe3) 42... Rgg7 {[%emt 0:05:36]} 43. Qh4 {[%emt 0:00:00] [#]} Rf5 $1 {[%emt 0:01:22]} 44. Qd8+ $19 {[%emt 0:00:00]} Rg8 {[%emt 0:06:19]} 45. Qh4 {[%emt 0:00:00]} Rg5 {[%emt 0:01:11]} 46. Qd4+ {[%emt 0:00:00]} Rg7 {[%emt 0:00:07]} 47. Qxg7+ {[%emt 0:00:00]} Qxg7 {[%emt 0:00:22]} 0-1